| 000 | 01421nam0a2200349 4500 | ||
|---|---|---|---|
| 001 | RU\NLR\BIBL_A\011882069 | ||
| 005 | 20201222105210.0 | ||
| 010 |
_a978-5-907099-31-9 _9500 |
||
| 021 |
_aRU _bКН-П-19-0283 _9КН-П-19-003856 |
||
| 021 |
_aRU _bКН-П-18-6342 _9КН-П-18-087396 |
||
| 035 | _a(NLR Aleph) 011882069 | ||
| 090 |
_a12253496 _c12253496 |
||
| 100 | _a20181206d2018 u y0rusy50 ca | ||
| 101 | 0 |
_arus _deng |
|
| 102 | _aRU | ||
| 105 | _ay z 001zy | ||
| 200 | 1 |
_aВатикан - Московия - Сибирь XVI-XVII века _fВ. П. Марченко _gИнститут системно-стратегического анализа |
|
| 210 |
_aМосква _cТоварищество научных изданий КМК _d2018 |
||
| 215 |
_a748 с. _d24 |
||
| 300 | _aРез. англ. | ||
| 320 | _aБиблиогр. в подстроч. примеч. | ||
| 320 | _aУказ. источников: с. 736-748 | ||
| 606 | 1 |
_aПапство _xВзаимоотношения _yРоссия _z16 - 17 вв. _2nlr_sh2 _3RU\NLR\AUTH\6601654267 |
|
| 686 | 1 | _aТ3(2)44-55 | |
| 686 | 1 | _aТ3(2)461-55 | |
| 686 | 2 | _aЭ375-343-021.64(2) | |
| 700 | 1 |
_aМарченко _bВ. П. _gВладимир Павлович |
|
| 942 | _cBOOK | ||
| 980 | _aNB | ||